| 000 | 00802nam a2200181 a 4500 | ||
|---|---|---|---|
| 008 | 071009s2001 ||||||||||||||||| || u | ||
| 050 | _aHC 915 IMP | ||
| 100 | _aMpuku, Herrick C. Dr | ||
| 245 | 1 | 4 |
_aThe New project approach to social and economic policy and poverty alleviation in Africa: impact of structural adjustment programmes on the Zambian economy; a trade union perspective _cedited by Dr. Herrick C. Mpuku; Austin Muneku |
| 260 |
_aKitwe _bZCTU _c2001 |
||
| 300 | _avii, 129p.: ill. | ||
| 350 | _a0.00 | ||
| 500 | _aICFTU-AFRO | ||
| 650 | _aSTRUCTURAL ADJUSTMENT PROGRAMME--ZAMBIA | ||
| 650 | 0 | _aECONOMICS | |
| 700 | _aMuneku, Austin | ||
| 995 |
_D0.00 _FCBU-MAIN LIBRARY (Kitwe) _H1 _I0.00 _M1 _UAVAILABLE _WOct 9, 2007 _ZZambiana Collection |
||
| 999 |
_c52187 _d52187 |
||